000 01120nam a2200337 4500
001 13332773
005 20260202084631.0
006 000
007 000
008 000
010 _a 2003062369
020 _a013140539X
020 _a0131911651
040 _aUOEL
_cDLC
_dDLC
042 _apcc
050 0 0 _aTK7888.4
_b.M36 2004
082 0 0 _a621.39/5
_222
100 1 _aMano, M. Morris,
_d1927-
245 1 0 _aLogic and computer design fundamentals /
_cM. Morris Mano, Charles R. Kime.
250 _a3rd ed., updated
260 _aUpper Saddle River, NJ :
_bPearson/Prentice Hall,
_cc2004.
300 _axvi, 656 p. :
_bill. ;
_c24 cm.
504 _aIncludes bibliographical references and index.
650 0 _aElectronic digital computers
_xElectrical engineering ,Electronics. Nuclear engineering.
650 0 _aLogic circuits.
650 0 _aLogic design.
700 1 _aKime, Charles R.
906 _a7
_bcbc
_corignew
_d1
_eocip
_f20
_gy-gencatlg
942 _2lcc
_cBK
999 _c3902
_d3902